Countries Closest to Cape Verde - Sudden Death - Statistics

General Stats
  • This quiz has been taken 6 times
  • The average score is 10 of 15
Answers on the Grid
Answers color-coded by a green-red scale on the quiz's grid according to % correct below.
Senegal
Mauritania
Gambia
Morocco
Guinea Bissau
Guinea
Mali
Sierra Leone
Spain
Liberia
Ivory Coast
Portugal
Algeria
Burkina Faso
Ghana
Tunisia
Libya
Egypt
Chad
Niger
Togo
Benin
Nigeria
Cameroon
Equatorial Guinea
Gabon
Sao Tome and Principe
Republic of the Congo
Andorra
France
 
Answer Stats
Answer % Correct
Gambia
80%
Guinea
80%
Guinea Bissau
80%
Ivory Coast
80%
Liberia
80%
Mauritania
80%
Senegal
80%
Sierra Leone
80%
Algeria
60%
Burkina Faso
60%
Ghana
60%
Morocco
60%
Spain
60%
Mali
40%
Portugal
40%
No matching quizzes found
Score Distribution
Percent of People with Each Score
Percentile by Number Answered
Your Score History
You have not taken this quiz